KOHA-Header-6

Elementary Linear Algebra with Applications (Record no. 12756)

000 -LEADER
fixed length control field 00315nam a22001337a 4500
020 ## - INTERNATIONAL STANDARD BOOK NUMBER
ISBN 9789353433031
082 ## - DEWEY DECIMAL CLASSIFICATION NUMBER
Classification number 512.5
100 ## - MAIN ENTRY--AUTHOR NAME
Personal name Kolman Bernard & Hill David.R
245 ## - TITLE STATEMENT
Title Elementary Linear Algebra with Applications
250 ## - EDITION STATEMENT
Edition statement 9th
260 ## - PUBLICATION, DISTRIBUTION, ETC. (IMPRINT)
Place of publication India
Name of publisher Pearson
Year of publication 2019
300 ## - PHYSICAL DESCRIPTION
Number of Pages 614 pages
942 ## - ADDED ENTRY ELEMENTS (KOHA)
Koha item type Books
Holdings
Withdrawn status Lost status Collection code Permanent Location Current Location Shelving location Date acquired Full call number Accession Number Koha item type
    Mathematics MAJU MAJU Shelf No.B31 2020-12-02 512.5 9909 Mathematics

Powered by Koha